000 00543nam a2200169 4500
008 180119b xxu||||| |||| 00| 0 eng d
020 _a0-8016-1550
082 _21980
_aDC 593.1
_bF22
100 _925723
_aFarmer, John N.
245 _aThe protozoa:
_bintroduction to protozoology/
_cJohn N. Farmer.
260 _aSt. Louis:
_bThe C.V. Mosby Company,
_c©1980.
300 _aix, 732 pages:
_billustration;
_c23 cm.
500 _aIncludes glossary and index.
650 0 _925724
_aProtozoa
700 _925725
_aFarmer, John N.
942 _2ddc
_cDC
999 _c8317
_d8317